|
|
|
|
| LEADER |
01282nta a2200265 i 4500 |
| 001 |
dokt11080 |
| 005 |
20230112135605.0 |
| 008 |
211110s2022 hu om 0|| eng d |
| 024 |
7 |
|
|a 10.14232/phd.11080
|2 doi
|
| 024 |
7 |
|
|a 32855792
|2 mtmt
|
| 040 |
|
|
|a SZTE Doktori Repozitórium
|b hun
|
| 041 |
|
|
|a eng
|
| 100 |
1 |
|
|a Klinovszky Andrea
|
| 245 |
1 |
4 |
|a The role of behavioral characteristics in disease-management of insulin-treated type 2 diabetes mellitus patients
|h [elektronikus dokumentum] /
|c Klinovszky Andrea
|
| 246 |
1 |
0 |
|a A viselkedési jellemzők szerepe a 2-es típusú, inzulinnal kezelt cukorbetegek betegség-menedzsmentjében
|h [elektronikus dokumentum]
|
| 260 |
|
|
|c 2022-03-30
|
| 502 |
|
|
|a Disszertacio
|
| 650 |
|
4 |
|a elméleti orvostudományok
|
| 650 |
|
4 |
|a Egészségtudományok
|
| 650 |
|
4 |
|a Pszichológia
|
| 700 |
0 |
1 |
|a Buzás Norbert
|e ths
|
| 700 |
0 |
2 |
|a Papp-Zipernovszky Orsolya
|e ths
|
| 856 |
4 |
0 |
|u https://doktori.bibl.u-szeged.hu/id/eprint/11080/1/Doktori_disszertacio_Klinovszky_Andrea.pdf
|z Dokumentum-elérés
|
| 856 |
4 |
0 |
|u https://doktori.bibl.u-szeged.hu/id/eprint/11080/2/Tezisfuzet_angolul_Klinovszky%20Andrea.pdf
|z Dokumentum-elérés
|
| 856 |
4 |
0 |
|u https://doktori.bibl.u-szeged.hu/id/eprint/11080/3/Tezisfuzet_magyarul_Klinovszky%20Andrea.pdf
|z Dokumentum-elérés
|